LIBRARY & INFORMATION CENTRE, KCAET, TAVANUR

ONLINE PUBLIC ACCESS CATALOGUE (OPAC)

Processing and conveying equipment design (Record no. 14797)

MARC details
000 -LEADER
fixed length control field 00363nam a22001457a 4500
020 ## - INTERNATIONAL STANDARD BOOK NUMBER
ISBN 9788183601092
082 ## - DEWEY DECIMAL CLASSIFICATION NUMBER
Classification number 664.8
Item number PHI/PR
100 ## - MAIN ENTRY--AUTHOR NAME
Personal name Phirke, Prabhakar, S
245 ## - TITLE STATEMENT
Title Processing and conveying equipment design
250 ## - EDITION STATEMENT
Edition statement 2nd
260 ## - PUBLICATION, DISTRIBUTION, ETC. (IMPRINT)
Place of publication New Delhi
Name of publisher Jain Brothers
Year of publication 2009
300 ## - PHYSICAL DESCRIPTION
Number of Pages 271p
700 ## - ADDED ENTRY--PERSONAL NAME
Personal name Siripurapu, S.C.B
942 ## - ADDED ENTRY ELEMENTS (KOHA)
Koha item type Books
Holdings
Withdrawn status Lost status Damaged status Home library Current library Shelving location Date acquired Cost, normal purchase price Full call number Accession Number Koha item type Collection code Source of acquisition
      KAUAET KAUAET Scheme 28/03/2017 295.00 664.8 PHI/PR BB 443 Book Bank scheme for SC students    
      KAUAET KAUAET Scheme 28/03/2017 295.00 664.8 PHI/PR BB 444 Book Bank scheme for SC students    
      KAUAET KAUAET General Stacks 30/03/2017 295.00 664.8 PHI/PR 25306 Books   Neoti book Agency
      KAUAET KAUAET General Stacks 30/03/2017 295.00 664.8 PHI/PR 25307 Books   Neoti book Agency
      KAUAET KAUAET General Stacks 30/03/2017 295.00 664.8 PHI/PR 25308 Books   Neoti book Agency
      KAUAET KAUAET General Stacks 18/03/2018 295.00 664.8 PHI/PR 25590 Books   Neoti book agency
free website counter